| 000 | 00415nam a2200121Ia 4500 | ||
|---|---|---|---|
| 008 | 171212s9999 xx 000 0 und d | ||
| 020 | _a9780833049889 | ||
| 100 | _aJones, Seth G.;Munoz, Arturo | ||
| 245 |
_cJones, Seth G.;Munoz, Arturo _aAfghanistan's Local War _bBuilding Local Defense Forces |
||
| 260 |
_bRAND Corporation _c2010 |
||
| 650 | _aPolitical Science | ||
| 856 | _uwww.jstor.org/stable/10.7249/mg1002mcia | ||
| 999 |
_c351687 _d351687 |
||